1769 1625 1797 1473 1094 1424 1260 1637 1210 1124 1022 1660 1740 1755 1418 1258 1917 1378 1633 1849 1577 1171 1937 1406 1450 1930 1563 1284 1592 1976 1788 1197 1116 1416 1426 1476 1538 1840 1455 1622 1777 1377 1141 1642 1701 1744 1851 1192 1516 1718 1874 1946 1841 1887 1031 1200 1059 1147 1239 1935 1406 1428 1620 1225 1228 1078 1136 1514 1809 1272 1910 1648 1049 1170 1584 1228 1783 1248 1276 1538 1416 1607 1639 1529 1522 1288 1273 1401 1731 1612 1675 1304 1496 1861 1025 1276 1013 1994 1004 BCNSPRNW ULIB Ver.6.0+V

เปลี่ยนเป็นภาษาไทย

Change to English
 แสดงรายละเอียดบรรณานุกรม
  กลับหน้าหลัก

Brief Record : Get Marc (ISO 2709) : E-mail record : QR code < ปิดหน้าต่าง
LEADER : 00000nam 2200000uu 4500
001    13399127226
003     ULIB
008    200227s2560||||th 000 0 tha d
020    ^a9786169313960
060  0 ^aWY18^bบ128
100 0  ^aสุปาณี เสนาดิสัย, สุรินธร กลัมพากร และ กรองจิต วาทีสาธกกิจ
245 00 ^aบทเรียนการขยายผลการบูรณาการการจัดการเรียนการสอนด้านการควบคุมยาสูบเข้าสู่หลักสูตรการศึกษาพยาบาล: ระยะที่ 2 /^bสุปาณี เสนาดิสัย, สุรินธร กลัมพากร และ กรองจิต วาทีสาธกกิจ
260    ^aปทุมธานี:^bสื่อตะวัน,^c2560
650  0 ^aการควบคุมยาสูบ
650  0 ^aยาสูบ- -หลักสูตรการศึกษา
650  0 ^aยาสูบ- -การควบคุม
945    ^p0^l0^i006400
945    ^p0^l0^i006401
999    ^aประนอม เกษจรัล
รายการนี้ยังไม่มีแท็ก
คุณยังไม่ได้ล็อกอิน คุณสามารถมีกิจกรรมร่วมกับเว็บไซต์ได้ แต่ต้องล็อกอินก่อน ::
  ล็อกอิน

รายการสื่อสารสนเทศ

ลำดับที่ ประเภท เลขเรียก/บาร์โค้ด สถานที่ สถานะ
1. Book การพยาบาล
หนังสือสำรอง
สถานะ=หนังสือสำรอง
WY18 บ128 ฉ.1 
  Barcode: 006400
ห้องสมุดวิทยาเขตสวรรค์ประชารักษ์
►หนังสือทั่วไป
บนชั้น
2. Book การพยาบาล
Book การพยาบาล
WY18 บ128 ฉ.2 
  Barcode: 006401
ห้องสมุดวิทยาเขตสวรรค์ประชารักษ์
►หนังสือทั่วไป
บนชั้น

BibComment


ยังไม่เคยถูกคอมเมนท์

คอมเมนท์ทรัพยากรรายการนี้
  คอมเมนท์: บทเรียนการขยายผล..


 Copyright 2026. Bcnsprnw @Library